KOHA-Header-6

A CRY in the Wilderness (Record no. 7556)

000 -LEADER
fixed length control field 00252nam a2200109Ia 4500
100 ## - MAIN ENTRY--AUTHOR NAME
Personal name Niazi,Munir
245 #2 - TITLE STATEMENT
Title A CRY in the Wilderness
260 ## - PUBLICATION, DISTRIBUTION, ETC. (IMPRINT)
Place of publication Karachi
Name of publisher Addision
Year of publication 2002
300 ## - PHYSICAL DESCRIPTION
Number of Pages 65
942 ## - ADDED ENTRY ELEMENTS (KOHA)
Koha item type Books
Holdings
Withdrawn status Lost status Collection code Permanent Location Current Location Shelving location Date acquired Full call number Accession Number Koha item type
    English Literature MAJU MAJU Shelf No.A15 2019-09-12 821 1465 English Literature

Powered by Koha